La Gestión del proceso de autoevaluación y la autorregulación para la acreditación de la carrera de trabajo social: 1998-2000 /
Este artículo refiere a la gestión del proceso de autoevaluación y Autorregulación para la Acreditación, desarrollado por la escuela de Trabajo Social, entre 1998 y el año 2000. El artículo hace una interpretación y autocrítica del trabajo realizado como una contribución a la temática. /dpa...
में बचाया:
| मुख्य लेखक: | |
|---|---|
| अन्य लेखक: | |
| स्वरूप: | मूलपाठ |
| विषय: | |
| टैग: |
टैग जोड़ें
कोई टैग नहीं, इस रिकॉर्ड को टैग करने वाले पहले व्यक्ति बनें!
|
MARC
| LEADER | 00000 a a2200000 04500 | ||
|---|---|---|---|
| 001 | 15257 | ||
| 003 | |||
| 040 | |||
| 100 | |a Ruiz Rojas, Ana Isabel | ||
| 245 | |a La Gestión del proceso de autoevaluación y la autorregulación para la acreditación de la carrera de trabajo social: 1998-2000 / |c Ana Isabel Ruiz Rojas | ||
| 520 | |a Este artículo refiere a la gestión del proceso de autoevaluación y Autorregulación para la Acreditación, desarrollado por la escuela de Trabajo Social, entre 1998 y el año 2000. El artículo hace una interpretación y autocrítica del trabajo realizado como una contribución a la temática. /dpa | ||
| 650 | |a EVALUACION | ||
| 650 | |a ENSEÑANZA SUPERIOR | ||
| 650 | |a TRABAJO SOCIAL | ||
| 650 | |a UNIVERSIDAD DE COSTA RICA | ||
| 650 | |a PROGRAMA DE ESTUDIOS | ||
| 650 | |a ADMINISTRACION UNIVERSITARIA | ||
| 650 | |a PARTICIPACION ESTUDIANTIL | ||
| 650 | |a REFORMA DE LA EDUCACION | ||
| 700 | |a Molina Molina, María Lorena | ||
| 773 | |g número 92 -93; páginas 123-143 | ||
| 999 | |c 24707 |d 24707 | ||
| 773 | 0 | |0 18728 |9 3044 |a Universidad de Costa Rica |d San José, Costa Rica Editorial UCR 1956- |o 17102 |t Revista de Ciencias Sociales/ |x 04825276 | |
